000 00374nam a22001457a 4500
005 20150708150930.0
008 150708b xxu||||| |||| 00| 0 eng d
040 _adpl
245 _aILIS newsletter
260 _aBangkok
_bMaria LaoSunthara
300 _av.
_c22cm
310 _aQuarterly
270 _aCentral Library,Srinkharinwirat ,
_bBangkak
942 _2ddc
_cSR
_mILI
_s1
999 _c94737
_d94737